Регионална библиотека "Любен Каравелов" - Русе

Струи от извора (Запис номер 154798)

MARC детайли
000 -Лидер
Контролно поле с фиксирана дължина 01624nam a2200397 c 4500
003 - Код на организацията, давaща контролен номер
Контролно поле BLK
005 - Дата и час на последна редакция
Контролно поле 20220221143332.0
008 - Елементи от данни с фиксирана дължина
fixed length control field 180410b bul|||||r ||||||| ||bul||
010 ## - Наследен системен номер
LC control number KNG00161439000
040 ## - Източник на каталожния запис
Идентификатор на билиотеката - собственик на записа BLK
041 ## - Код за език
Код за езика на текст/звукозапис или на отделно заглавие Български
Код за езика КДБФ Български
072 #7 - Код за тематичната категория
Код организация bullib
Код за тематична категория К
Текст Краезнание
080 ## - УДК
Текстов определител УДК Теория на труда. Икономика на труда. Взаимоотношения между работещи и администрация (работодатели)
УДК код - определител по УДК 331.1
УДК - код + определител 331.1
100 1# - Редна дума - Автор
Автор Стефанов, Волен
Авторска отговорност първи автор
R(LIN) 332598
139 ## - Редно поле
Редна дума Стефанов, Волен
Авторски знак Сте - С 75
245 10 - Сведения за заглавието
Заглавие Струи от извора
Подзаглавни данни Приносът на младите специалисти от Русенските заводи в движението за ком. труд
Редно поле (дума) Волен Стефанов.
257 ## - Страна на издаване
Страна на създаване/издаване България
260 ## - Област на издателските данни
Име на издателя, разпространителя и проч. Профиздат
Година на издаване 1969
300 ## - Физическа характеристика
Страници 107 с.
Размери/Мащаб 16 см
380 ## - Жанр
Жанр Обществени науки
490 1# - СЕРИИ (Колекции)
Име на серия В помощ на профсъюзния активист
№: серия 2
500 ## - Общи забележки
Забележка 12 150 тир.
650 #4 - Допълнително описание по предмет – тема
Основно описание – тема или топоним Движение за комунистически труд
9 (RLIN) 281114
650 #4 - Допълнително описание по предмет – тема
Основно описание – тема или топоним Комсомол
9 (RLIN) 159074
651 #4 - Допълнително описание по предмет - топоним
Географско понятие България
9 (RLIN) 241624
653 ## - Ключова дума – ненормативна
Ключова дума работници
653 ## - Ключова дума – ненормативна
Ключова дума комсомол
653 ## - Ключова дума – ненормативна
Ключова дума заводи
653 ## - Ключова дума – ненормативна
Ключова дума комунистически труд
659 ## - Тематичен бюлетин
Тематичен бюлетин К
852 ## - Местоположение
Форматна сигнатура Цб І 10779
852 ## - Местоположение
Форматна сигнатура К 331/С 75 В
856 4# - Електронен адрес и достъп
Електронен формат pdf - файл
856 4# - Електронен адрес и достъп
Електронен формат pdf - файл
999 ## - СИСТЕМНИ КОНТРОЛНИ НОМЕРА
Koha biblionumber 154798
Koha biblioitemnumber 154798
942 ## - АРТИКУЛИ
Вид на библиотечния материал Книги
Скрит в OPAC Не
Периодичен библиозапис Да
944 ## - СЪЗДАВАНЕ И РЕДАКЦИЯ на ЗАПИСА
Създаване/Редакция Създаване
Дата на регистрацията/редакция 30.05.2014
Статус, дата на статуса 30.05.2014 - от С1,Р / 30.05.2014
Служител, извършил регистрацията/редакцията Валя_Йорданова
944 ## - СЪЗДАВАНЕ И РЕДАКЦИЯ на ЗАПИСА
Създаване/Редакция Редакция
Дата на регистрацията/редакция 30.05.2014
Статус, дата на статуса 30.05.2014 - от С1,Р / 30.05.2014
999 ## - СИСТЕМНИ КОНТРОЛНИ НОМЕРА
Koha biblioitemnumber 154798
Наличности
Код за отписване Код за изгубен артикул Източник на класификационната схема Код за повреда Коз за рестрикции Код за отдаване Артикулен № Име на библиотеката - собственик Име на библиотеката, в която се намира в момента Статус (Текущо местоположение) Дата на вписване в системата Местоположение - отдел Цена в лева Инвентарен номер Систематично азбучна сигнатура Баркод Номер на екземпляра Цена в евро Служебна бележка Служебен тип на артикула
  Не е изгубен Universal Decimal Classification Не е повреден без рестрикции ползва се в читалня 259452 Регионална библиотека "Любен Каравелов" Русе Регионална библиотека "Любен Каравелов" Русе Хранилище 1969-01-01 Хранилище 0.15 51235 Цб І 10779 120000051235 1 0.08 Дост: Dp N: Сф Дата: 01.01.1969 Книги
  Не е изгубен Universal Decimal Classification Не е повреден без рестрикции ползва се в читалня 259453 Регионална библиотека "Любен Каравелов" Русе Регионална библиотека "Любен Каравелов" Русе Краезнание 1969-01-01 Краезнание 0.15 50429 К 331/С 75 В 120000050429 2 0.08 N: Сф Дата: 01.01.1969 Дата инв: 13.11.2017 Бележки инв: К2017 Книги
Vip Innovations Ltd, Rousse, Bulgaria 2025